[Event "IX Open"]
[Site "Condino ITA"]
[Date "2009.07.27"]
[Round "1"]
[White "Ravazzolo, Gaia"]
[Black "Hortensius, Lisa"]
[Result "0-1"]
[WhiteElo "1698"]
[BlackElo "2033"]
[PlyCount "134"]
[EventDate "2009.07.27"]

1. d4 e6 2. Nf3 d5 3. c4 Nf6 4. Nc3 Be7 5. cxd5 exd5 6. Bg5 O-O 7. e3 b6 8. Bd3
Nbd7 9. Rc1 Bb7 10. O-O c5 11. dxc5 bxc5 12. Qc2 Rc8 13. Bxf6 Nxf6 14. Bf5 Rb8
15. Qe2 g6 16. Bc2 Bd6 17. Bb3 Re8 18. Qd1 Bc6 19. Ba4 Bxa4 20. Nxa4 Ne4 21.
Qc2 Qf6 22. Rfd1 Qf5 23. Nc3 Nxc3 24. Qxf5 Ne2+ 25. Kf1 gxf5 26. Kxe2 Rxb2+ 27.
Kf1 d4 28. Kg1 Rxa2 29. exd4 cxd4 30. Nxd4 Ba3 31. Rc2 Rxc2 32. Nxc2 Bc5 33.
Re1 Rd8 34. Ne3 Rd2 35. Rf1 Bxe3 36. fxe3 Re2 37. Ra1 Rxe3 38. Rxa7 Kg7 39. Ra5
Kg6 40. Kf2 Rb3 41. Re5 f6 42. Re3 Rxe3 43. Kxe3 Kg5 44. Kf3 f4 45. Kf2 Kg4 46.
h3+ Kg5 47. Kf3 Kf5 48. Kf2 Ke4 49. Ke2 h5 50. Kf2 h4 51. Ke2 f3+ 52. gxf3+ Kf4
53. Kf2 f5 54. Kg2 Ke3 55. f4 Ke2 56. Kh2 Kf2 57. Kh1 Kg3 58. Kg1 Kxh3 59. Kf2
Kg4 60. Kg2 Kxf4 61. Kf2 Kg4 62. Kg2 f4 63. Kf1 f3 64. Kg1 Kg3 65. Kh1 h3 66.
Kg1 f2+ 67. Kf1 h2 0-1

[Event "IX Open"]
[Site "Condino ITA"]
[Date "2009.07.27"]
[Round "1"]
[White "Righi, Ezio"]
[Black "Salvo, Guglielmo"]
[Result "0-1"]
[WhiteElo "2111"]
[BlackElo "1762"]
[PlyCount "90"]
[EventDate "2009.07.27"]

1. e4 e5 2. Nf3 Nc6 3. Bb5 Bc5 4. d3 h6 5. c3 Nge7 6. b4 Bb6 7. Nbd2 O-O 8. a4
a6 9. Bxc6 Nxc6 10. Nc4 d6 11. Nxb6 cxb6 12. Be3 f5 13. O-O f4 14. Bc1 Bg4 15.
Qb3+ Kh7 16. Nd2 f3 17. g3 Qd7 18. Re1 Bh5 19. Kh1 Bg4 20. Bb2 Bh3 21. Nc4 Bg2+
22. Kg1 Qh3 23. Ne3 h5 24. Qd5 Rf6 25. b5 Na5 26. d4 h4 27. g4 Rg6 28. Qf7 Rf6
29. Qh5+ Kg8 30. dxe5 dxe5 31. Qxe5 Raf8 32. c4 R6f7 33. Qg5 Nb3 34. Nf5 Bf1
35. Ne3 Bd3 36. Rad1 Nc5 37. Qe5 Bxe4 38. Rd6 Bh7 39. Rh6 Nd3 40. Qh5 Nf4 41.
Qg5 Qg2+ 42. Nxg2 Nh3+ 43. Kf1 fxg2+ 44. Kxg2 Nxg5 45. Rxb6 Rxf2+ 0-1

[Event "IX Open"]
[Site "Condino ITA"]
[Date "2009.07.27"]
[Round "1"]
[White "Sanzani, Pierluigi"]
[Black "Pandini, Claudio"]
[Result "1-0"]
[WhiteElo "1824"]
[BlackElo "1266"]
[PlyCount "87"]
[EventDate "2009.07.27"]

1. e4 c5 2. Nf3 Nc6 3. d4 b6 4. d5 Na5 5. Nc3 Nb7 6. Bf4 d6 7. Bb5+ Bd7 8.
Bxd7+ Qxd7 9. O-O e5 10. dxe6 fxe6 11. Qe2 O-O-O 12. Rfd1 Nf6 13. Qa6 Kb8 14.
Nb5 Na5 15. Bxd6+ Bxd6 16. Rxd6 Qe7 17. Rad1 Rxd6 18. Rxd6 Nxe4 19. Rxe6 Rd8
20. h3 Qf7 21. Rxe4 Qb7 22. Qxb7+ Kxb7 23. Re7+ Ka6 24. Nc7+ Kb7 25. Ne6+ Kc8
26. Nxd8 Kxd8 27. Rxa7 Nc4 28. b3 Nd6 29. Rxg7 h6 30. Rg6 Nf5 31. Rxb6 Kd7 32.
Ne5+ Ke7 33. a4 Nd4 34. Nc6+ Nxc6 35. Rxc6 h5 36. a5 h4 37. a6 Kd7 38. Rxc5 Kd8
39. a7 Kd7 40. a8=Q Kd6 41. Ra5 Kc7 42. Ra6 Kd7 43. Qb7+ Ke8 44. Ra8# 1-0

[Event "IX Open"]
[Site "Condino ITA"]
[Date "2009.07.27"]
[Round "1"]
[White "Scharrer, Patrick"]
[Black "Sigillo, Carmelo"]
[Result "1-0"]
[WhiteElo "2280"]
[BlackElo "1803"]
[PlyCount "49"]
[EventDate "2009.07.27"]

1. e4 c5 2. Nf3 d6 3. d4 cxd4 4. Qxd4 e5 5. Qd3 Nf6 6. Nc3 a6 7. Bg5 Be7 8. Rd1
Nbd7 9. Be2 Nc5 10. Qe3 Qc7 11. O-O Be6 12. h3 O-O 13. Rd2 Rfe8 14. Rfd1 b5 15.
Bxf6 gxf6 16. Nh4 b4 17. Nd5 Bxd5 18. exd5 Kh8 19. Qh6 Rg8 20. Bh5 Raf8 21. Re1
Qd7 22. Bg4 Rxg4 23. hxg4 Qxg4 24. Re3 f5 25. Rg3 1-0

[Event "IX Open"]
[Site "Condino ITA"]
[Date "2009.07.27"]
[Round "1"]
[White "Trifoni, Giorgio"]
[Black "Schaberg, Wolfgang"]
[Result "1/2-1/2"]
[WhiteElo "1596"]
[BlackElo "1953"]
[PlyCount "204"]
[EventDate "2009.07.27"]

1. Nf3 c5 2. b3 d5 3. Bb2 Nf6 4. e3 Nc6 5. d4 e6 6. Nbd2 Bd7 7. c4 cxd4 8. Nxd4
Nxd4 9. Bxd4 Bc6 10. cxd5 Qxd5 11. a3 e5 12. Bb2 Rd8 13. b4 Be7 14. Qc2 O-O 15.
Nf3 Bb5 16. Bxb5 Qxb5 17. Nxe5 Rc8 18. Qd3 Bxb4+ 19. axb4 Qxb4+ 20. Qd2 Qxd2+
21. Kxd2 Rfd8+ 22. Bd4 Ne4+ 23. Ke1 f6 24. Nd3 a6 25. f3 Nc3 26. Nc5 Nb5 27.
Nxb7 Nxd4 28. Nxd8 Nc2+ 29. Kf2 Nxa1 30. Rxa1 Rxd8 31. Rxa6 Rd2+ 32. Kg3 Kf7
33. e4 g5 34. Ra7+ Kg6 35. Ra6 Kf7 36. Ra5 Re2 37. Kh3 h5 38. Ra4 Kg6 39. Ra8
Kg7 40. Re8 Kf7 41. Rb8 Kg6 42. Rb1 Kf7 43. Rg1 Ke6 44. Kg3 h4+ 45. Kg4 Rf2 46.
h3 Kf7 47. g3 hxg3 48. Kxg3 Ra2 49. h4 gxh4+ 50. Kxh4 Ra8 51. Rd1 Rg8 52. Rd5
Ke6 53. Rf5 Rg1 54. Kh3 Rg8 55. Rf4 Ke5 56. Rg4 Rh8+ 57. Kg3 Rh1 58. Kg2 Ra1
59. Kf2 Ra2+ 60. Kg3 Ra1 61. Rh4 Rg1+ 62. Kf2 Ra1 63. Rh5+ Ke6 64. Ke3 Ra3+ 65.
Kf4 Ra4 66. Rb5 Ra6 67. Kg4 Ra4 68. Kh5 Ra1 69. Kg4 Ra4 70. Kf4 Ra6 71. Rb4 Rc6
72. Kg4 Rc1 73. f4 Rg1+ 74. Kf3 Rf1+ 75. Ke3 Re1+ 76. Kf2 Ra1 77. Rb6+ Ke7 78.
f5 Ra3 79. Ke2 Rh3 80. Kd2 Ra3 81. Rc6 Rh3 82. Rc3 Rh1 83. Ke3 Re1+ 84. Kd4
Rd1+ 85. Rd3 Ra1 86. Rc3 Rd1+ 87. Kc5 Rd8 88. Rc4 Rd1 89. Rd4 Rc1+ 90. Kb5 Re1
91. Kc5 Rc1+ 92. Rc4 Rd1 93. Kc6 Rd6+ 94. Kb5 Rd1 95. Rc7+ Kf8 96. Kc5 Ke8 97.
Ra7 Kf8 98. Ra6 Ke7 99. Re6+ Kf7 100. Kc4 Rd8 101. e5 fxe5 102. Rxe5 Kf6
1/2-1/2

[Event "IX Open"]
[Site "Condino ITA"]
[Date "2009.07.27"]
[Round "1"]
[White "Ubezio, Marco"]
[Black "Hortensius, Myrre"]
[Result "1-0"]
[WhiteElo "2144"]
[BlackElo "1773"]
[PlyCount "97"]
[EventDate "2009.07.27"]

1. e4 c5 2. Nf3 d6 3. Bb5+ Bd7 4. Bxd7+ Qxd7 5. O-O Nf6 6. Qe2 Nc6 7. c3 g6 8.
d4 cxd4 9. cxd4 Rc8 10. Nc3 Bg7 11. d5 Nb8 12. e5 dxe5 13. Nxe5 Qd6 14. Nb5 Qc5
15. Be3 Qxd5 16. Nxa7 Rd8 17. Rfd1 Qe6 18. Rxd8+ Kxd8 19. Rc1 Nd5 20. Rc8+ Qxc8
21. Nxc8 Bxe5 22. Nb6 Nc7 23. Qf3 Nc6 24. Qh3 f5 25. Nc4 Bf6 26. Bb6 Kc8 27.
Qg3 Nd5 28. a4 e5 29. a5 Kb8 30. Qf3 Nxb6 31. axb6 Rd8 32. g3 Rd4 33. Qb3 e4
34. Ne3 Rd8 35. Qf7 Bxb2 36. Nd5 Be5 37. Nc7 Rc8 38. Nb5 Nd4 39. Nxd4 Bxd4 40.
Qe6 Rd8 41. Kg2 Ka8 42. Qa2+ Kb8 43. Qa7+ Kc8 44. Qa8+ Kd7 45. Qxb7+ Ke6 46.
Qxh7 Kf6 47. Qc7 Rd5 48. b7 Be5 49. Qxe5+ 1-0

[Event "IX Open"]
[Site "Condino ITA"]
[Date "2009.07.27"]
[Round "1"]
[White "Zerba, Fabio"]
[Black "Poletti, Fausto"]
[Result "1-0"]
[WhiteElo "1482"]
[BlackElo "1894"]
[PlyCount "85"]
[EventDate "2009.07.27"]

1. d4 Nf6 2. c4 g6 3. Nc3 Bg7 4. Bg5 d6 5. Nf3 Na6 6. a3 O-O 7. e4 e5 8. dxe5
dxe5 9. Qxd8 Rxd8 10. Nd5 Nxd5 11. Bxd8 Nf4 12. Bg5 Nc5 13. Rd1 Nfe6 14. Be3
Nxe4 15. Nd2 Nd6 16. c5 Nf5 17. b4 Ned4 18. Bxd4 Nxd4 19. Bd3 Be6 20. O-O Rd8
21. Nc4 f5 22. Nb2 e4 23. Bc4 Kf7 24. Bxe6+ Kxe6 25. Nc4 g5 26. Ne3 h5 27. Nc2
f4 28. Nxd4+ Bxd4 29. Kh1 Ke5 30. Rfe1 Rd5 31. Rd2 c6 32. h3 Bc3 33. Rxd5+ cxd5
34. Rd1 d4 35. Kg1 Bb2 36. a4 Ba3 37. Rb1 d3 38. Kf1 e3 39. fxe3 fxe3 40. Rb3
Bc1 41. Rxd3 Bd2 42. b5 Ke4 43. Ke2 1-0

[Event "IX Open"]
[Site "Condino ITA"]
[Date "2009.07.28"]
[Round "2"]
[White "Barucco, Mattia"]
[Black "Di Paolo, Raffaele"]
[Result "0-1"]
[WhiteElo "2006"]
[BlackElo "2318"]
[PlyCount "38"]
[EventDate "2009.07.27"]

1. e4 c5 2. Nf3 Nc6 3. Bb5 e6 4. O-O Nge7 5. c4 Ng6 6. d4 cxd4 7. Nxd4 Qc7 8.
Bxc6 dxc6 9. Nc3 Be7 10. Be3 O-O 11. Qc2 a6 12. Rac1 c5 13. Nde2 b6 14. Ng3 Bd6
15. Rfd1 Bb7 16. Nce2 f5 17. exf5 exf5 18. Nxf5 Bxh2+ 19. Kh1 Rxf5 0-1

[Event "IX Open"]
[Site "Condino ITA"]
[Date "2009.07.28"]
[Round "2"]
[White "Battiston, Claudio"]
[Black "Lodi, Paolo"]
[Result "1-0"]
[WhiteElo "2001"]
[BlackElo "1706"]
[PlyCount "69"]
[EventDate "2009.07.27"]

1. e4 e6 2. d4 d5 3. e5 c5 4. c3 Nc6 5. Nf3 Qb6 6. a3 cxd4 7. cxd4 Nge7 8. Nc3
Nf5 9. Na4 Qc7 10. b4 a6 11. Bb2 b5 12. Nc5 Bxc5 13. dxc5 Nfe7 14. Bd3 Ng6 15.
Bxg6 fxg6 16. O-O O-O 17. Qe2 Qe7 18. Nd4 Bd7 19. f4 Nxd4 20. Bxd4 Rf5 21. Rf2
Raf8 22. c6 Bxc6 23. Bc5 Qf7 24. Bxf8 Qxf8 25. Rc1 Ba8 26. Qe3 d4 27. Qxd4 Bd5
28. Qc5 Bc4 29. Qxf8+ Rxf8 30. Rd1 Bd5 31. g4 Rc8 32. f5 Rc4 33. fxe6 Rxg4+ 34.
Kf1 Bxe6 35. Rd8# 1-0

[Event "IX Open"]
[Site "Condino ITA"]
[Date "2009.07.28"]
[Round "2"]
[White "Bini, Massimo"]
[Black "De Nisi, Roberta"]
[Result "0-1"]
[WhiteElo "2066"]
[BlackElo "1885"]
[PlyCount "62"]
[EventDate "2009.07.27"]

1. d4 f5 2. Nf3 Nf6 3. Bf4 g6 4. h3 Bg7 5. e3 d6 6. c3 h6 7. Qc2 Nc6 8. Nbd2
Nd5 9. Bh2 e5 10. e4 Nb6 11. dxe5 dxe5 12. O-O-O Qe7 13. exf5 Bxf5 14. Bd3 O-O
15. Bxf5 gxf5 16. Rhe1 e4 17. Qb3+ Kh7 18. g4 Qc5 19. Ng1 Nd4 20. Qb4 Qxb4 21.
cxb4 fxg4 22. Nxe4 gxh3 23. f4 a5 24. b5 a4 25. Rd3 Nd5 26. Nf3 Nxf3 27. Rxf3
Rf5 28. a3 Raf8 29. Ref1 Be5 30. Rxh3 Nxf4 31. Kd2 Nxh3 0-1

[Event "IX Open"]
[Site "Condino ITA"]
[Date "2009.07.28"]
[Round "2"]
[White "Bondoni, Bernardino"]
[Black "Stets, Dmitry"]
[Result "0-1"]
[WhiteElo "1560"]
[BlackElo "2427"]
[PlyCount "66"]
[EventDate "2009.07.27"]

1. d4 Nf6 2. c4 g6 3. Nc3 Bg7 4. Nf3 O-O 5. e3 d6 6. Be2 Nbd7 7. O-O e5 8. Qc2
Re8 9. d5 e4 10. Nd2 Qe7 11. f3 exf3 12. Nxf3 Nc5 13. b4 Bf5 14. Qd1 Nfe4 15.
Bd2 Nxc3 16. Bxc3 Qxe3+ 17. Kh1 Bxc3 18. Ng1 Bxa1 19. Qxa1 Ne4 20. Qe1 Bg4 21.
Nf3 Nc3 22. h3 Bxf3 23. Rxf3 Qxe2 24. Qxc3 Qd1+ 25. Kh2 Re1 26. Qf6 Rh1+ 27.
Kg3 Qe1+ 28. Kg4 Rf8 29. g3 h6 30. h4 Qe4+ 31. Rf4 Qe2+ 32. Rf3 Rf1 33. Qf4 f5+
0-1

[Event "IX Open"]
[Site "Condino ITA"]
[Date "2009.07.28"]
[Round "2"]
[White "Bouanani, Denis"]
[Black "Beccaris, Gabriele"]
[Result "0-1"]
[WhiteElo "1533"]
[BlackElo "2037"]
[PlyCount "66"]
[EventDate "2009.07.27"]

1. d4 Nf6 2. c4 e6 3. Nf3 c5 4. e3 d5 5. Nc3 Be7 6. Be2 O-O 7. O-O b6 8. b3 Bb7
9. Bb2 Nbd7 10. Rc1 Rc8 11. Nb1 Ne4 12. Nbd2 f5 13. Ne5 Ndf6 14. Ndf3 Bd6 15.
h3 Qe7 16. Bd3 Rc7 17. Qe2 g5 18. Nd2 Qg7 19. Bxe4 dxe4 20. f3 exf3 21. Ndxf3
g4 22. hxg4 Nxg4 23. Nxg4 Qxg4 24. Rc2 h5 25. Ne5 Qg5 26. Qf2 Rg7 27. Bc1 Be4
28. Rd2 Rf6 29. Nf3 Qg4 30. Kh1 Bg3 31. Qe2 Bxf3 32. gxf3 Qh4+ 33. Kg1 Bf2# 0-1

[Event "IX Open"]
[Site "Condino ITA"]
[Date "2009.07.28"]
[Round "2"]
[White "De Bellis, Aldo"]
[Black "Buglisi, Massimo"]
[Result "0-1"]
[WhiteElo "1698"]
[BlackElo "1938"]
[PlyCount "116"]
[EventDate "2009.07.27"]

1. e4 c5 2. Nf3 Nc6 3. d4 cxd4 4. Nxd4 Nf6 5. Nc3 e5 6. Ndb5 d6 7. Bg5 a6 8.
Na3 b5 9. Nd5 Be7 10. Nxe7 Nxe7 11. Bd3 d5 12. Bxf6 gxf6 13. Qf3 f5 14. O-O-O
Qb6 15. Qg3 Qh6+ 16. Kb1 f4 17. Bxb5+ axb5 18. Qb3 Bd7 19. exd5 O-O 20. g3 fxg3
21. Qxg3+ Ng6 22. h4 Qf4 23. h5 Qxg3 24. fxg3 Ne7 25. h6 Rac8 26. Kc1 Rc5 27.
b4 Rxd5 28. Rxd5 Nxd5 29. Rd1 Be6 30. Nxb5 Nxb4 31. a3 Nd5 32. Re1 f6 33. Kb2
Rb8 34. a4 Nc7 35. Kc3 Nxb5+ 36. axb5 Rxb5 37. Re3 Kf7 38. Kd2 Kg6 39. Rc3 Rd5+
40. Ke3 Rd6 41. Rc7 Kxh6 42. c4 Kg6 43. c5 Rd1 44. Kf2 Rc1 45. Ke3 h5 46. Kf2
Kf5 47. Rh7 Kg6 48. Rc7 Bg4 49. Ke3 Kf5 50. Kd2 Rg1 51. c6 Rxg3 52. Rg7 Rg2+
53. Kc3 Ra2 54. c7 Ra8 55. Kb4 Ke4 56. Kc5 f5 57. Kd6 f4 58. Re7 Ra6+ 0-1

[Event "IX Open"]
[Site "Condino ITA"]
[Date "2009.07.28"]
[Round "2"]
[White "De Santis, Alessio"]
[Black "Bonugli, Carlo"]
[Result "1-0"]
[WhiteElo "2293"]
[BlackElo "2003"]
[PlyCount "63"]
[EventDate "2009.07.27"]

1. d4 Nf6 2. c4 c5 3. d5 e6 4. Nc3 exd5 5. cxd5 d6 6. e4 g6 7. f3 Bg7 8. Bg5 h6
9. Be3 a6 10. a4 Nbd7 11. Nh3 O-O 12. Nf2 Ne5 13. Be2 h5 14. h3 Qa5 15. f4 Ned7
16. Ra3 Re8 17. O-O Qc7 18. g4 hxg4 19. hxg4 g5 20. fxg5 Nh7 21. Nh3 Ne5 22.
Nf4 Nxg5 23. Nh5 Nh7 24. Rf2 Bd7 25. Qf1 Qd8 26. g5 Kh8 27. Rh2 Rg8 28. Kf2
Ng4+ 29. Bxg4 Bxg4 30. Nf6 Bxf6 31. Rxh7+ Kxh7 32. Qh1+ 1-0

[Event "IX Open"]
[Site "Condino ITA"]
[Date "2009.07.28"]
[Round "2"]
[White "Della Rocca, Giorgio"]
[Black "Hamperl, Fred"]
[Result "0-1"]
[WhiteElo "1910"]
[BlackElo "2075"]
[PlyCount "110"]
[EventDate "2009.07.27"]

1. c4 e5 2. Nc3 Nc6 3. g3 g6 4. Bg2 Bg7 5. d3 d6 6. Nf3 f5 7. Bg5 Nf6 8. Nd5 h6
9. Bxf6 Bxf6 10. h4 Be6 11. Nd2 O-O 12. e4 f4 13. gxf4 Bxh4 14. Nf3 Bg4 15. Bh3
Bxf3 16. Qxf3 Nd4 17. Qg4 Kh7 18. Qd7+ Qxd7 19. Bxd7 c6 20. Nc7 Rad8 21. Bg4
Bf6 22. f5 Nc2+ 23. Kd2 Nxa1 24. Ne6 Rde8 25. fxg6+ Kxg6 26. Bf5+ Kf7 27. Nxf8
Rxf8 28. Rxa1 Rg8 29. Ke2 b6 30. Rh1 Bg5 31. Rg1 Rd8 32. b3 Kf6 33. Bg4 Ke7 34.
Bf5 d5 35. Rb1 Kd6 36. Rb2 Kc5 37. cxd5 cxd5 38. Rc2+ Kb4 39. Rc7 a5 40. Rb7
Rd6 41. exd5 Ka3 42. Rd7 Rxd7 43. Bxd7 Kxa2 44. Ba4 Ka3 45. d6 Kb4 46. Be8 Kc5
47. d7 Kd4 48. Bg6 b5 49. Bf5 h5 50. Bg6 h4 51. Kf3 a4 52. bxa4 bxa4 53. Kg4
Bd8 54. Kf3 a3 55. Bf7 h3 0-1

[Event "IX Open"]
[Site "Condino ITA"]
[Date "2009.07.28"]
[Round "2"]
[White "Facchetti, Lorenzo"]
[Black "Catalano, Luigi"]
[Result "1-0"]
[WhiteElo "1807"]
[BlackElo "1679"]
[PlyCount "135"]
[EventDate "2009.07.27"]

1. d4 e6 2. c4 d6 3. Nc3 a6 4. g3 Nd7 5. Bg2 Rb8 6. a4 g6 7. e4 c6 8. d5 cxd5
9. exd5 e5 10. f4 Ngf6 11. Qe2 Be7 12. Nf3 exf4 13. Bxf4 O-O 14. O-O Re8 15.
Rfe1 Bf8 16. Qd2 Rxe1+ 17. Rxe1 Qc7 18. Qe2 Qb6+ 19. Qf2 Qb3 20. Bf1 Ng4 21.
Qe2 Qb6+ 22. Kg2 Nc5 23. h3 Nf6 24. Bg5 Nh5 25. Rb1 Nb3 26. Qe3 Qxe3 27. Bxe3
Bd7 28. Bd3 Re8 29. Re1 Nc5 30. Bc2 Bf5 31. Bxf5 gxf5 32. Bxc5 Rxe1 33. Nxe1
dxc5 34. Nd3 Bd6 35. Ne2 b6 36. Nef4 Nf6 37. Nf2 Kf8 38. Kf3 Nd7 39. N2d3 a5
40. b3 Nf6 41. Nf2 h5 42. Ng2 Ng8 43. g4 hxg4+ 44. hxg4 fxg4+ 45. Kxg4 Nh6+ 46.
Kg5 Kg7 47. Ne4 Bc7 48. d6 Bd8+ 49. Kf4 f6 50. Ne3 Kg6 51. Nd5 f5 52. Ne7+ Bxe7
53. dxe7 Kf7 54. Nd6+ Kxe7 55. Nxf5+ Nxf5 56. Kxf5 Kd6 57. Kf6 Kc7 58. Ke7 Kb7
59. Kd7 Ka7 60. Kc7 Ka6 61. Kb8 b5 62. axb5+ Kb6 63. Kc8 a4 64. bxa4 Ka5 65.
Kc7 Kb4 66. b6 Kxc4 67. b7 Kb4 68. b8=Q+ 1-0

[Event "IX Open"]
[Site "Condino ITA"]
[Date "2009.07.28"]
[Round "2"]
[White "Forno, Diego"]
[Black "Fragni, Enrico"]
[Result "1-0"]
[WhiteElo "1527"]
[BlackElo "1762"]
[PlyCount "111"]
[EventDate "2009.07.27"]

1. d4 c6 2. c4 d6 3. Nc3 Nf6 4. Bf4 Nbd7 5. Nf3 Qa5 6. a3 e5 7. b4 Qc7 8. Bg3
Be7 9. e3 Nh5 10. Bh4 Bxh4 11. Nxh4 g6 12. Be2 Ng7 13. O-O O-O 14. d5 Nf6 15.
dxc6 bxc6 16. Qd2 a6 17. Rfd1 Rd8 18. c5 d5 19. Na4 Nd7 20. Nf3 Ne6 21. Nc3 Rb8
22. e4 d4 23. Na2 Kg7 24. Bc4 Nf6 25. Qe2 Nf4 26. Qc2 Ra8 27. Ng5 Rf8 28. g3
Nh3+ 29. Nxh3 Bxh3 30. Nc1 Ng4 31. Bf1 Bxf1 32. Rxf1 h5 33. Ne2 Rad8 34. Rad1
Rh8 35. h3 Nh6 36. f4 f6 37. Qd3 Qc8 38. Kh2 Rd7 39. a4 Rb7 40. Rb1 Rb8 41. Qc4
Ra8 42. Kg2 Ra7 43. Rfd1 Rf8 44. Rd2 Raf7 45. b5 axb5 46. axb5 cxb5 47. Qxb5
Rc7 48. Rc1 Rb7 49. Qc4 Qc6 50. Qd5 Rc7 51. Rb2 Nf7 52. Rb6 Qa4 53. fxe5 fxe5
54. Qe6 Qd7 55. Qxg6+ Kh8 56. Qxh5+ 1-0

[Event "IX Open"]
[Site "Condino ITA"]
[Date "2009.07.28"]
[Round "2"]
[White "Frugoni, Giulio"]
[Black "Panjkovic, Stefan"]
[Result "0-1"]
[WhiteElo "1753"]
[BlackElo "1503"]
[PlyCount "76"]
[EventDate "2009.07.27"]

1. Nf3 f5 2. d4 Nf6 3. c4 e6 4. Bf4 d5 5. e3 c6 6. Nc3 Bd6 7. Be5 O-O 8. h3
Bxe5 9. Nxe5 Bd7 10. Qb3 Qc7 11. Bd3 Be8 12. Rc1 Qb6 13. Qc2 g6 14. cxd5 exd5
15. f3 Nbd7 16. Nxd7 Bxd7 17. g4 Ne8 18. Rg1 Nd6 19. Qg2 Rae8 20. Qf2 f4 21. e4
Be6 22. e5 Nf7 23. h4 Rc8 24. h5 Nh8 25. hxg6 Nxg6 26. Bxg6 hxg6 27. Rh1 Kg7
28. g5 c5 29. Rh6 cxd4 30. Rh7+ Kxh7 31. Qh4+ Kg7 32. Qh6+ Kf7 33. Qh7+ Ke8 34.
Qxg6+ Bf7 35. Qf5 Be6 36. Qg6+ Bf7 37. Qf5 Qe6 38. Qd3 Qxe5+ 0-1

[Event "IX Open"]
[Site "Condino ITA"]
[Date "2009.07.28"]
[Round "2"]
[White "Gastaldello, Lorenzo"]
[Black "Moro, Roberto"]
[Result "1-0"]
[WhiteElo "1620"]
[BlackElo "1781"]
[PlyCount "91"]
[EventDate "2009.07.27"]

1. d4 Nf6 2. c4 d6 3. Nf3 g6 4. g3 Bg7 5. Bg2 O-O 6. O-O h6 7. Nc3 Nc6 8. e3 e5
9. Re1 exd4 10. exd4 Bf5 11. Qb3 Rb8 12. Be3 Ng4 13. Rad1 Re8 14. Bc1 Rxe1+ 15.
Rxe1 Nxd4 16. Nxd4 Bxd4 17. Nd1 c5 18. h3 Ne5 19. Ne3 Be6 20. Nd5 Kg7 21. Be3
Bxe3 22. Qxe3 Bxd5 23. Bxd5 Qd7 24. Qc3 Kg8 25. f4 Nc6 26. Qf6 Re8 27. Qxg6+
Kf8 28. Qxh6+ Kg8 29. Be4 Re6 30. Bh7+ Kh8 31. Rxe6 Qxe6 32. Qxe6 fxe6 33. Be4
Nd8 34. Kf2 b6 35. g4 Kg7 36. g5 Nf7 37. h4 a6 38. Kf3 b5 39. b3 Nd8 40. h5 Nf7
41. Kg4 Nd8 42. h6+ Kh8 43. g6 Kg8 44. f5 exf5+ 45. Kxf5 bxc4 46. Bd5+ 1-0

[Event "IX Open"]
[Site "Condino ITA"]
[Date "2009.07.28"]
[Round "2"]
[White "Hortensius, Lisa"]
[Black "Dittmar, Peter"]
[Result "1/2-1/2"]
[WhiteElo "2033"]
[BlackElo "2357"]
[PlyCount "62"]
[EventDate "2009.07.27"]

1. e4 e6 2. d4 d5 3. e5 c5 4. c3 Qb6 5. Nf3 Bd7 6. a3 cxd4 7. cxd4 Bb5 8. Qb3
Bxf1 9. Qxb6 axb6 10. Kxf1 Nc6 11. Nc3 Nh6 12. Bd2 Be7 13. Nb5 Kd7 14. Ke2 Na5
15. Rhc1 Rhc8 16. Rxc8 Rxc8 17. Rc1 Rxc1 18. Bxc1 Nb3 19. Bxh6 gxh6 20. Nd2 Na5
21. b4 Nc6 22. f4 f5 23. Nf3 Nd8 24. Ke3 Nf7 25. g3 h5 26. Kd3 Nh6 27. h3 Nf7
28. Ke3 Nh8 29. Kd3 Ng6 30. h4 Nh8 31. Ke3 Ng6 1/2-1/2

[Event "IX Open"]
[Site "Condino ITA"]
[Date "2009.07.28"]
[Round "2"]
[White "Hortensius, Myrre"]
[Black "Pretto, Aldo"]
[Result "1-0"]
[WhiteElo "1773"]
[BlackElo "1533"]
[PlyCount "65"]
[EventDate "2009.07.27"]

1. e4 e5 2. Nf3 d6 3. d4 exd4 4. Nxd4 Nf6 5. Nc3 Be7 6. Be3 O-O 7. Bd3 Nbd7 8.
O-O Re8 9. f4 Bf8 10. Qf3 Nc5 11. Rae1 Nxd3 12. cxd3 Ng4 13. Bd2 c6 14. Nb3 Qh4
15. h3 Nf6 16. e5 Nd7 17. d4 dxe5 18. fxe5 Qe7 19. Ne4 f6 20. exf6 Qf7 21. Qd3
h6 22. fxg7 Qxg7 23. Bc3 Rxe4 24. Rxe4 Nf6 25. d5 Be7 26. Rxe7 Qxe7 27. Rxf6
Qe8 28. Qg3+ Kh7 29. Bd2 Qh5 30. Qc7+ Kg8 31. Qd8+ Kg7 32. Qe7+ Kg8 33. Rf8#
1-0

[Event "IX Open"]
[Site "Condino ITA"]
[Date "2009.07.28"]
[Round "2"]
[White "Marguerettaz, Davy"]
[Black "Hortensius, Kees"]
[Result "1/2-1/2"]
[WhiteElo "2048"]
[BlackElo "1658"]
[PlyCount "104"]
[EventDate "2009.07.27"]

1. d4 d5 2. c4 dxc4 3. Nf3 Nf6 4. e3 e6 5. Bxc4 c5 6. O-O cxd4 7. exd4 Be7 8.
Nc3 O-O 9. Bg5 b6 10. Ne5 Bb7 11. f4 Nd5 12. Bxd5 Bxd5 13. Bxe7 Qxe7 14. Nxd5
exd5 15. Qb3 Qd6 16. Rac1 f6 17. Nd3 Nc6 18. Qa4 Rac8 19. Rf2 Na5 20. Rfc2 Rxc2
21. Rxc2 Qe6 22. g3 Qe3+ 23. Nf2 Qe1+ 24. Kg2 Nc4 25. Rxc4 dxc4 26. Qxc4+ Kh8
27. Qc7 Qd2 28. Qd6 Rg8 29. d5 Qxb2 30. Qe7 f5 31. Qxa7 h6 32. d6 Rd8 33. Qc7
Qf6 34. Qxb6 Qxd6 35. Qxd6 Rxd6 36. Kf3 Ra6 37. h3 Ra3+ 38. Kg2 Rxa2 39. g4
fxg4 40. hxg4 g6 41. Kf3 Kg7 42. Nd3 Kf6 43. Ke4 g5 44. f5 Rh2 45. Kf3 Rh3+ 46.
Ke2 h5 47. Nf2 Rh2 48. Kf3 Rxf2+ 49. Kxf2 hxg4 50. Kg2 Ke5 51. Kf2 g3+ 52. Kxg3
Kxf5 1/2-1/2

[Event "IX Open"]
[Site "Condino ITA"]
[Date "2009.07.28"]
[Round "2"]
[White "Pandini, Giuseppe"]
[Black "Cesati Cassin, Giorgio"]
[Result "1-0"]
[WhiteElo "1715"]
[BlackElo "1425"]
[PlyCount "45"]
[EventDate "2009.07.27"]

1. f4 Nf6 2. Nf3 g6 3. e3 Bg7 4. d4 O-O 5. Bd3 d5 6. O-O b6 7. Nc3 a5 8. Ne5
Ba6 9. b3 Bxd3 10. Qxd3 c5 11. dxc5 bxc5 12. Ba3 Qb6 13. Nxd5 Nxd5 14. Qxd5 Nc6
15. Nxc6 Bxa1 16. Bxc5 Qc7 17. Rxa1 e6 18. Qf3 Rfe8 19. Ne7+ Kh8 20. Bd4+ e5
21. Bxe5+ Qxe5 22. fxe5 Rxe7 23. Qxa8+ 1-0

[Event "IX Open"]
[Site "Condino ITA"]
[Date "2009.07.28"]
[Round "2"]
[White "Panjkovic, Aleksandar"]
[Black "Cosenza, Gianni"]
[Result "1-0"]
[WhiteElo "2122"]
[BlackElo "1927"]
[PlyCount "93"]
[EventDate "2009.07.27"]

1. c4 e6 2. g3 d5 3. Bg2 Nf6 4. Nf3 b6 5. O-O Bb7 6. b3 Be7 7. Bb2 O-O 8. e3
Nbd7 9. Nc3 c5 10. Qe2 Qc8 11. Rac1 Re8 12. Rfd1 dxc4 13. bxc4 e5 14. e4 Qc6
15. d3 Bf8 16. Nd5 Rad8 17. Bh3 Bc8 18. Bc3 Bd6 19. Qb2 Bb8 20. Nh4 Nf8 21.
Bxc8 Qxc8 22. Nf5 Qe6 23. f4 Ng6 24. Nfe3 Qd6 25. f5 Ne7 26. Nxf6+ Qxf6 27. Ng4
Qg5 28. Qe2 Nc6 29. h4 Qe7 30. f6 gxf6 31. Nh6+ Kh8 32. Qh5 Rf8 33. Rd2 Nd4 34.
Bxd4 exd4 35. Rg2 Rd7 36. Rf1 Qe5 37. Rf5 Qe7 38. Ng4 Be5 39. Nxe5 fxe5 40.
Rxe5 Qf6 41. Rf2 Qg6 42. Qf3 Rg8 43. Rg5 Qe6 44. Rf5 Qg6 45. Kh2 Rg7 46. Qf4 h6
47. Rf6 1-0

[Event "IX Open"]
[Site "Condino ITA"]
[Date "2009.07.28"]
[Round "2"]
[White "Pedrotti, Luciano"]
[Black "Ravazzolo, Gaia"]
[Result "1-0"]
[WhiteElo "1819"]
[BlackElo "1698"]
[PlyCount "33"]
[EventDate "2009.07.27"]

1. e4 c6 2. Nc3 d5 3. exd5 cxd5 4. d4 Nf6 5. Nf3 Bf5 6. Bb5+ Nbd7 7. O-O e6 8.
a3 Be7 9. Ne5 O-O 10. g4 Nxe5 11. gxf5 Nc6 12. Be3 exf5 13. Qf3 a6 14. Bd3 Bd6
15. Qxf5 Ne7 16. Qh3 Qd7 17. Bxh7+ 1-0

[Event "IX Open"]
[Site "Condino ITA"]
[Date "2009.07.28"]
[Round "2"]
[White "Pepino, Enrico"]
[Black "Dieli, Riccardo"]
[Result "1-0"]
[WhiteElo "2110"]
[BlackElo "1907"]
[PlyCount "47"]
[EventDate "2009.07.27"]

1. e4 d5 2. exd5 Qxd5 3. Nc3 Qa5 4. Bc4 Bf5 5. Nf3 e6 6. d4 c6 7. Bd2 Qc7 8.
Qe2 Nf6 9. Bb3 Be7 10. Ne5 Nbd7 11. g4 Bg6 12. h4 Nxe5 13. dxe5 Nxg4 14. Qxg4
Qxe5+ 15. Qe2 Qxe2+ 16. Kxe2 Bh5+ 17. f3 Bf6 18. Bg5 Bxc3 19. bxc3 h6 20. Be3
b6 21. Rhg1 g6 22. Bd4 O-O 23. Kf2 Rfd8 24. Rad1 1-0